000 00844cam a2200265 a 4500
008
020 _a9780230243576 (pbk.)
049 _aMAIN
090 _aPN4784.C615
_bFOR
100 1 _aForde, Susan.
245 1 0 _aChallenging the news :
_bthe journalism of alternative and community media /
_cSusan Forde.
260 _aHampshire :
_bPalgrave Macmillan,
_c2011.
300 _axvii, 214 p. :
_c23 cm.
500 _aIncludes index.
504 _aIncludes bibliographical references (p.188-205).
650 0 _aJournalism
_xHistory
_y21st century.
650 0 _aOnline journalism.
650 0 _aCitizen journalism.
650 0 _aAlternative mass media.
907 _a.b10350913
_b26-11-14
_c25-11-14
003
005 20230123122120.0
040 _cNUST
942 _cBOOKS
_kPN4784.C615
_mFOR
999 _c128060
_d128060